| 000 | 00510nam a2200205Ia 4500 | ||
|---|---|---|---|
| 003 | OSt | ||
| 005 | 20140311163142.0 | ||
| 008 | 140130s9999 xx 000 0 und d | ||
| 020 | _a9780717285891 | ||
| 050 |
_aBJ 1631 _b.B434Bf 2005 |
||
| 100 |
_aBerry, Joy _931428 |
||
| 245 |
_aA book about being forgetful / _cJoy Berry. |
||
| 260 |
_bScholastic, _c2005. _aNew York : |
||
| 300 |
_a25 p. : _bcol. ill. ; _c18 cm. |
||
| 440 | _v1 | ||
| 521 | _aG2 | ||
| 526 | _c300 | ||
| 942 |
_cBK _2lcc |
||
| 999 |
_c41988 _d41988 |
||